000 00476nam a2200181 i 4500
001 25470
003 ES-MaACL
005 20240510063031.0
007 t|
008 021226s1961 sp ||||1| spa d
100 1 _aArce, Manuel.
_922456
245 1 0 _aSombra de un amor /
_cManuel Arce.
260 _aSantander :
_b[s.n.,
_c1961] (
_fImp. Bedia)
300 _a67 p. ;
_c16 cm.
852 _aES-MaACL
_jC-20882
_bR.48967
942 _2udc
999 _c25470
_d25470